| 000 | 01076cam a22003137a 4500 | ||
|---|---|---|---|
| 003 | CHAP | ||
| 005 | 20220817040947.0 | ||
| 008 | 971013s1979 r 10010 d | ||
| 010 | _a3474 | ||
| 011 | _a4446 | ||
| 035 | _a3649 | ||
| 040 | _cCHAP | ||
| 082 |
_a630.711 _bR5 |
||
| 111 | 0 | 0 |
_aReunión de Coordinadores de Servicio Social de las Escuelas Superiores de Agricultura ( _n1 _d: 1975 _c: Guadalajara, Jal.) _996289 |
| 245 | 0 | _aMemoria | |
| 260 |
_aGuadalajara, Jal. : _bAsociación Mexicana de Educación Agrícola Superior, _c1979 |
||
| 300 | _a37 p | ||
| 590 |
_aBATCH-UPD _b10 _c20130110 _lUCH01 _h0312 |
||
| 590 |
_aBATCH-UPD _b10 _c20130110 _lUCH01 _h1927 |
||
| 590 |
_aBATCH-UPD _b10 _c20130409 _lUCH01 _h2345 |
||
| 590 |
_aBATCH-UPD _b10 _c20130914 _lUCH01 _h1244 |
||
| 590 |
_aCONVERSION _b10 _c20130109 _lUCH01 _h1303 |
||
| 650 | 1 | 4 | _aEducación superior. |
| 650 | 1 | 4 |
_aEscuelas agrícolas _xMéxico. _937645 |
| 650 | 1 | 4 |
_aServicio social rural. _9105320 |
| 901 | _aBK | ||
| 942 | _cLIBRO | ||
| 949 |
_a630.711 R5 _bBC _cLIBRO _d33724000034310 _eLIBRO _h79833 _i3649 _mD _si |
||
| 999 |
_c3474 _d3474 |
||